| 000 | nam a22 7a 4500 | ||
|---|---|---|---|
| 999 |
_c28643 _d28643 |
||
| 008 | 170310b xxu||||| |||| 00| 0 eng d | ||
| 020 | _a394406214 | ||
| 050 | _aM 1500 .L45 1966 | ||
| 100 | _aWasserman, Dale | ||
| 245 |
_aMan of La Mancha: _bA musical Play/ _cDale Wasserman |
||
| 260 |
_aNew York: _bRandom, _c1966. |
||
| 300 |
_axiv,82p.: _bill.; _c21cm. |
||
| 942 |
_2lcc _cBOOKS _hM 1500 .L45 1966 |
||